Ciencia, medicina y criminalística en la escena del crimen: un viaje de investigación personal en el mundo del crimen (Registro nro. 13783)
[ vista simple ]
| 000 -Cabecera | |
|---|---|
| Campo de control de longitud fija | 01175nam a22004097a 4500 |
| 005 - Fecha y hora de la última transacción | |
| Campo de control | 20250409185946.0 |
| 008 - Elementos de longitud fija--Información general | |
| Campo de control de longitud fija | 250409b |||||||| |||| 00| 0 spa d |
| 020 ## - International Standard Book Number | |
| Número Internacional Estándar del Libro (ISBN) | 9798395497000 |
| 041 ## - Idioma | |
| Código de idioma | Español |
| 082 ## - Clasificación Decimal Dewey | |
| Número de clasificación | 641.1 Z35c |
| 100 ## - Entrada principal--Autor personal | |
| Nombre personal | Zapata, Javier |
| 245 ## - Título propiamente dicho | |
| Título | Ciencia, medicina y criminalística en la escena del crimen: un viaje de investigación personal en el mundo del crimen |
| 260 ## - Pie de imprenta | |
| Lugar de publicación, distribución, etc. | Estados Unidos |
| 260 ## - Pie de imprenta | |
| Nombre del editor, distribuidor, etc. | Publicación independiente |
| 260 ## - Pie de imprenta | |
| Fecha de publicación, distribución, etc. | 2022 |
| 300 ## - Descripción física | |
| Extensión | 344 páginas |
| 650 ## - Materia general | |
| Temática (materia general) | MEDICINA FORENSE |
| 650 ## - Materia general | |
| Temática (materia general) | CIENCIAS FORENSES |
| 650 ## - Materia general | |
| Temática (materia general) | CRIMINALÍSTICA |
| 650 ## - Materia general | |
| Temática (materia general) | MEDICINA FORENSE |
| 650 ## - Materia general | |
| Temática (materia general) | CRIMINALÍSTICA NUCLEAR |
| 650 ## - Materia general | |
| Temática (materia general) | PERITAJE |
| 650 ## - Materia general | |
| Temática (materia general) | LESIONES Y TRAUMATISMOS |
| 650 ## - Materia general | |
| Temática (materia general) | VIOLENCIA DE GÉNERO |
| 650 ## - Materia general | |
| Temática (materia general) | ODONTOLOGÍA FORENSE |
| 650 ## - Materia general | |
| Temática (materia general) | TOXICOLOGÍA FORENSE |
| 650 ## - Materia general | |
| Temática (materia general) | LOFOSCOPÍA FORENSE |
| 650 ## - Materia general | |
| Temática (materia general) | PSICOLOGÍA FORENSE |
| 650 ## - Materia general | |
| Temática (materia general) | SEXOLOGÍA FORENSE |
| 650 ## - Materia general | |
| Temática (materia general) | ANTROPOLOGÍA FORENSE |
| 650 ## - Materia general | |
| Temática (materia general) | BALÍSTICA FORENSE |
| 650 ## - Materia general | |
| Temática (materia general) | INFORMÁTICA FORENSE |
| 650 ## - Materia general | |
| Temática (materia general) | CIBERCRIMEN |
| 650 ## - Materia general | |
| Temática (materia general) | BIOLOGÍA FORENSE |
| 942 ## - Punto de acceso adicional KOHA | |
| Fuente del sistema de clasificación o colocación | Dewey Decimal Classification |
| Tipo de ítem KOHA | Libro |
| Signatura completa | Código de barras | Programa Académico | Tipo de ítem |
|---|---|---|---|
| 641.1 Z35c | 26011 | Investigación Criminal | Libro |